| 000 | 00490cam a2200193ua 4500 | ||
|---|---|---|---|
| 020 | _c10.50 | ||
| 041 |
_aeng _h |
||
| 082 |
_a621.3 _bCLA/EL |
||
| 100 | _aClayton, Albert E . | ||
| 245 |
_aElementary electrical engineering / _cAlbert E.Clayton. _hTextual Documents |
||
| 250 |
_a4 / _b. |
||
| 260 |
_aLondon : _bLongman Green and Co , _c1961. |
||
| 300 | _a490 ; . | ||
| 365 | _a10.50 | ||
| 504 | _a | ||
| 700 | 1 | _aSbelly, Herbert J . | |
| 942 | _cBK | ||
| 999 |
_c7561 _d7561 |
||